[Event "IOM Open-Masters 2017"]
[Site "Douglas"]
[Date "2017.09.22"]
[Round "1"]
[White "Hemant, Sharma (del)"]
[Black "Howell, David W L"]
[Result "0-1"]
[WhiteElo "2342"]
[BlackElo "2701"]
[Annotator "TA"]
[PlyCount "62"]
[EventDate "2017.??.??"]
[EventType "swiss"]
[EventCountry "GBR"]
[SourceTitle "playchess.com"]
[Source "ChessBase"]
[SourceQuality "1"]

{[%evp 13,62,-14,-5,-56,-35,-47,-55,-57,-24,-29,-8,-23,-25,-49,-48,-51,-38,-38,-39,-42,-26,-59,-49,-49,-47,-45,-42,-47,-34,-53,-53,-148,-136,-133,-106,-127,-120,-316,-311,-360,-362,-366,-366,-361,-345,-1050,-986,-1131,-1123,-1091,-1067]} 1. Nf3 c5 2. c4 Nc6 3. Nc3 g6 4. g3 Bg7 5. Bg2 e6 {[%cal Be7e6,Be6e5,Be5d4][%mdl 32]} 6. O-O Nge7 7. b3 d5 {LiveBook: 30 Games. A37: Symmetrical English vs ...g6: 4 Bg2 Bg7 5 Nf3} (7... O-O 8. Bb2 d5 9. d3 b6 10. Rb1 Bb7 11. Nb5 Bxb2 12. Rxb2 d4 13. Na3 Qc7 14. Nc2 a5 15. a3 e5 16. Nd2 Nd8 {0-1 (34) Efimenko,Z (2696)-Vorobiov,E (2584) Moscow 2013}) 8. Bb2 (8. e3 $11) 8... d4 $15 9. Na4 b6 {Black is slightly better.} 10. e3 e5 11. exd4 $146 ({Predecessor:} 11. a3 Rb8 12. exd4 cxd4 13. d3 b5 14. cxb5 Rxb5 15. Rc1 {0-1 (33) Cruz,J (2467)-Baches Garcia,G (2381) Catalunya 2014}) 11... exd4 12. d3 O-O 13. Qd2 Bb7 14. Rae1 Qd7 15. a3 Rae8 16. b4 Nd8 17. Qc2 Bc6 18. b5 Bb7 19. Bc1 f6 20. Nb2 Nf7 $36 {[%mdl 2048] White is under pressure.} 21. a4 g5 {[%cal Bg6g5,Bg5g4,Bg4f3][%mdl 32]} 22. a5 {[#]} (22. Qd1 $15) 22... g4 $1 $17 {[%cal Rg4f3]} (22... bxa5 $6 23. Na4 $11) 23. Nh4 Bxg2 ({Reject} 23... bxa5 $6 24. f4 $11) 24. Kxg2 Ng6 {Strongly threatening ...Nxh4+.} (24... bxa5 25. Na4 $15) 25. Nxg6 $2 (25. f4 $17) 25... hxg6 $19 {[%cal Bh7g6,Bg6g5,Bg5g4][%mdl 32]} 26. Re4 Ne5 ({Less strong is} 26... bxa5 27. Na4 $19) 27. f4 gxf3+ 28. Kg1 g5 ({Don't do} 28... bxa5 29. Bf4 $19) 29. Nd1 $2 {[#]} (29. Qd1) 29... Qh3 {Black is clearly winning.} 30. axb6 axb6 31. Qf2 g4 {Precision: White = 34%, Black = 85%.} 0-1

[Event "IOM Open-Masters 2017"]
[Site "Douglas"]
[Date "2017.09.23"]
[Round "1"]
[White "Ragnarsson, Dagur"]
[Black "Sunilduth Lyna, Narayanan"]
[Result "0-1"]
[WhiteElo "2340"]
[BlackElo "2568"]
[Annotator "TA"]
[PlyCount "26"]
[EventDate "2017.??.??"]
[EventType "swiss"]
[EventCountry "GBR"]
[SourceTitle "playchess.com"]
[Source "ChessBase"]
[SourceQuality "1"]

{[%evp 16,26,0,0,11,-67,-60,-275,-272,-288,-284,-488,-425]} 1. d4 Nf6 2. c4 e6 3. Nc3 Bb4 4. Nf3 O-O 5. e3 d5 6. Bd3 c5 7. a3 Bxc3+ 8. bxc3 dxc4 9. Bxc4 Qa5 {E53: Nimzoindisch (Moderne Variante)} 10. O-O (10. Bd2 $11) 10... Qxc3 $15 11. Qe2 $2 ({Besser ist} 11. Qd3 $15 Qxd3 12. Bxd3) 11... b5 $1 $19 ({Nicht} 11... Qxa1 12. Bb2 $11) 12. Bxb5 $146 {[#] Schwarz muss nun Lb2 beachten.} ({Vorgänger:} 12. Bd3 Qxa1 13. e4 Bb7 14. e5 Bxf3 15. Qxf3 Nd5 16. Bh6 Qxd4 17. Qg3 g6 18. h4 c4 19. Bb1 Nd7 20. h5 Qxe5 21. f4 Qe3+ {0-1 (21) Murali Krishnan,B (2366)-Oleksienko,M (2563) Chennai 2012}) 12... Qxa1 13. Bc4 $2 (13. Bb2 Qa2 14. dxc5) 13... Qb1 0-1

[Event "IOM Open-Masters 2017"]
[Site "Douglas"]
[Date "2017.09.23"]
[Round "1"]
[White "Vaishali, R."]
[Black "Babar, Michael"]
[Result "0-1"]
[WhiteElo "2329"]
[BlackElo "2130"]
[Annotator "NA"]
[PlyCount "88"]
[EventDate "2017.??.??"]
[EventType "swiss"]
[EventCountry "GBR"]
[SourceTitle "playchess.com"]
[Source "ChessBase"]
[SourceQuality "1"]
[TimeControl "40/6000+30:20/3000+30:900+30"]

1. e4 d6 2. d4 Nf6 3. Nc3 e5 4. Nf3 exd4 5. Nxd4 Be7 6. g3 d5 7. e5 Ng4 8. Bg2 O-O 9. Nxd5 Bc5 10. c3 c6 11. Ne3 Nxe5 12. O-O Re8 13. b4 Bf8 14. Bb2 a5 15. a3 Qc7 16. Qc2 Nbd7 17. Rfe1 Nf6 18. b5 c5 19. Nf3 c4 20. Nxe5 Rxe5 21. a4 Be6 22. Ba3 Bxa3 23. Rxa3 Ng4 24. Qc1 Rd8 25. Ra2 Nxe3 26. Rxe3 Rxe3 27. Qxe3 Rd1+ 28. Bf1 Qd8 29. Re2 h6 30. Re1 Qd2 31. Qxd2 Rxd2 32. Re4 Rd1 33. g4 Rc1 34. f4 Bxg4 35. Kf2 Rxc3 36. Bxc4 Kf8 37. b6 Bd7 38. Be2 Rb3 39. Re5 Bxa4 40. Rxa5 Bc6 41. Ra8+ Ke7 42. Rg8 g6 43. Rh8 Rh3 44. Kg1 Bd5 0-1

[Event "IOM Open-Masters 2017"]
[Site "Douglas"]
[Date "2017.09.23"]
[Round "1"]
[White "Enkhtuul, Altan-Ulzii"]
[Black "Swayams, Mishra"]
[Result "1-0"]
[WhiteElo "2327"]
[BlackElo "2444"]
[Annotator "TA"]
[PlyCount "157"]
[EventDate "2017.??.??"]
[EventType "swiss"]
[EventCountry "GBR"]
[SourceTitle "playchess.com"]
[Source "ChessBase"]
[SourceQuality "1"]

{[%evp 19,157,0,0,-19,3,6,18,0,-3,-6,47,40,55,23,97,6,8,0,20,-25,-27,-34,-22,-29,-6,-26,33,0,0,-18,-23,-19,19,22,24,17,18,17,48,69,59,56,122,80,75,76,196,190,206,214,144,156,352,373,518,516,504,506,497,507,913,947,914,936,857,797,1360,1525,1375,1282,1237,448,845,995,949,943,1001,1050,1064,1056,1038,1029,811,635,742,720,622,378,370,0,616,552,1979,1783,1043,542,562,515,518,516,479,478,468,249,452,460,428,377,335,281,489,607,566,521,832,463,450,408,29980,29981,29981,29981,29982,29983,29986,29987,29987,29987,29987,29988,29988,29989,29989,29990,29991,29992,29992,29993,29998,29999]} 1. d4 Nf6 2. Nf3 g6 3. Bf4 Bg7 4. e3 O-O 5. Nbd2 d6 6. Be2 Nbd7 7. c3 b6 8. h3 Bb7 9. O-O Re8 10. Bh2 {A48: 1 d4 Nf6 2 Nf3 g6: Torre, London and Colle Systems} e5 {LiveBook: 12 Games} 11. Nc4 {[%cal Rd4e5]} (11. dxe5 dxe5 12. Nc4 Ne4 13. Qc2 Qe7 14. Rad1 h6 15. Nfd2 Ng5 16. h4 Nh7 17. h5 gxh5 18. Qf5 h4 19. Nf3 Nhf8 {0-1 (40) Wang,C (2529)-Wei,Y (2737) Shenzhen 2015}) 11... e4 12. Nfd2 {The position is equal.} Qe7 13. a4 a5 14. b4 $146 ({Predecessor:} 14. Na3 Rad8 15. b4 axb4 16. cxb4 c5 17. Nb5 Nb8 {0-1 (67) Martin Martin,L (2017)-Pindado Campos,R (2046) Madrid 2016}) 14... Nd5 ({Better is} 14... d5 $11 15. Na3 axb4 16. cxb4 Qxb4) 15. Qb3 $14 {Threatens to win with bxa5.} Bc6 16. Nb2 Qg5 (16... Qe6 $11) 17. b5 (17. Bb5 $1 $16 {[%cal Rb5c6]} Bxb5 18. axb5) 17... Bb7 $11 18. Nd1 Kh8 19. Ra2 f5 20. f4 Qh4 21. Rf2 Rf8 22. Nf1 Rae8 (22... N7f6 $11) 23. Rd2 N7f6 24. c4 {Hoping for Bg3.} Nb4 25. Nc3 Nd7 (25... Rg8 {with more complications.} 26. Bg3 Qh6 27. Qd1 d5 28. Qb3 dxc4 29. Bxc4 Rgf8) 26. Na2 Nxa2 27. Qxa2 Qe7 28. g4 h6 29. Rg2 Rg8 30. Bd1 Bf6 ({Black should play} 30... Bc8 $14) 31. Bb3 Rg7 32. gxf5 gxf5 (32... Nf8 $16 {is a better defense.}) 33. Ng3 $18 Rf8 34. Nxf5 Rxg2+ 35. Rxg2 ({But not} 35. Kxg2 $6 Qh7 $11) 35... Qe6 $2 (35... Qh7 $16 {was necessary.}) 36. Nxh6 Bxd4 37. Ng4 $1 (37. exd4 Qxh6 38. c5 Nf6 $16) 37... Bc5 38. Qa1+ Nf6 {[#]} 39. f5 $1 {[%mdl 512]} Qf7 (39... Qxf5 $142 40. Rf2 Bxe3 41. Nxe3 Qxh3) 40. Bf4 Kh7 41. Nxf6+ Qxf6 42. Qd1 {Qh5+ would kill now.} Qh4 43. Bg5 (43. Qa1 Rg8 $11) 43... Bxe3+ 44. Bxe3 Rxf5 {[#]} 45. Bf2 (45. c5 $142 $1) 45... Qxh3 (45... Qf4 $142 46. Bc2 Rg5) 46. Qd4 {[%csl Gg2][%cal Rd4g7]} Qh6 {[#]} 47. c5 $1 {[%csl Gg2][%cal Rb3g8]} Rg5 (47... bxc5 48. Bg8#) 48. c6 Rxg2+ 49. Kxg2 Qg6+ 50. Bg3 Bc8 51. Qd5 Bg4 52. Bc4 Kh8 53. Qd4+ Kh7 54. Qd5 $2 (54. Kf1) 54... Kh8 $1 55. Qf7 Bf3+ 56. Kf2 Qg5 57. Qd5 Qg7 58. Qd2 Kh7 59. Bf1 Qf6 60. Bf4 Kg6 61. Kg1 (61. Kg3 $142) 61... Qg7 $2 (61... Qh8 62. Kf2 Qh4+ 63. Bg3 Qf6) 62. Qd5 Kf6+ 63. Kf2 {Bh3 is the strong threat.} Qg4 64. Qd4+ Kg6 $2 (64... Ke7) 65. Bxd6 cxd6 66. Qxd6+ Kg5 {intending ...e3+.} 67. c7 e3+ 68. Kxe3 Qg1+ (68... Qe4+ $18 69. Kf2 Bg4 70. Qd8+ (70. Qxb6 Qf3+ 71. Kg1 Qg3+ 72. Bg2 Qe1+ 73. Bf1 Qg3+ 74. Bg2 Qe1+ 75. Bf1 Qg3+ $11) 70... Kh5 71. Qh8+ Kg6 72. Qg8+ Kh6 73. Qf8+ Kg6) 69. Kxf3 {White mates.} Qxf1+ {[%mdl 4096] Endgame [#] KQ-KQ} 70. Ke4 $1 Qc4+ 71. Ke5 Kh5 72. Qc6 Qe2+ 73. Kd6 Qh2+ 74. Kd7 Qh3+ 75. Qe6 Qd3+ 76. Ke8 Qc3 77. c8=Q Qh8+ 78. Ke7 Qf6+ 79. Kxf6 {Precision: White = 65%, Black = 34%.} 1-0

[Event "IOM Open-Masters 2017"]
[Site "Douglas"]
[Date "2017.09.23"]
[Round "1"]
[White "Rapport, Jovana"]
[Black "Khmelniker, Ilya"]
[Result "1/2-1/2"]
[WhiteElo "2327"]
[BlackElo "2480"]
[Annotator "TA"]
[PlyCount "61"]
[EventDate "2017.??.??"]
[EventType "swiss"]
[EventCountry "GBR"]
[SourceTitle "playchess.com"]
[Source "ChessBase"]
[SourceQuality "1"]

{[%evp 23,61,41,41,41,40,43,43,45,44,43,44,24,30,36,32,6,13,0,10,11,0,2,25,25,25,19,34,36,29,39,200,65,93,60,64,0,81,0,58,0]} 1. Nf3 Nf6 2. c4 g6 3. Nc3 Bg7 4. e4 c5 5. d4 cxd4 6. Nxd4 d6 7. Be2 O-O 8. Be3 Nc6 9. Qd2 Ng4 10. Bxg4 Bxg4 11. O-O Rc8 12. b3 {B38: Sicilian: Maroczy Bind with 5...Bg7 and 7...0-0} (12. Nd5 Qd7 13. b3 f5 14. f3 Bh5 15. exf5 gxf5 16. Rad1 Bf7 17. Ne2 e6 18. Ndc3 d5 19. cxd5 exd5 {1-0 (37) Hracek,Z (2624)-Kotainy,J (2406) Germany 2012}) 12... Qa5 {LiveBook: 4 Games} 13. f3 Bd7 14. Nde2 Rfe8 15. Rac1 Ne5 16. Rfd1 $146 ({Predecessor:} 16. h3 Bc6 17. Nd4 a6 18. Rfd1 Nd7 19. Qb2 Qh5 20. a4 Bh6 21. Bxh6 Qxh6 {0-1 (36) Olsson,A (2383)-Tikkanen,H (2337) Umea 2003}) 16... Bc6 17. Nd5 Qxd2 18. Rxd2 b6 19. a4 {[%cal Ba2a4,Ba4a5][%mdl 32]} Nd7 20. Ra2 Nc5 21. Rb1 $1 f5 22. exf5 gxf5 23. Ndc3 Bd7 24. a5 f4 25. Bd4 Bf5 26. Rbb2 Nd7 $2 {[#]} (26... e5 $14 27. Bxc5 dxc5) 27. Rd2 (27. Bxg7 $18 Kxg7 28. Nxf4) 27... Nc5 $14 28. Nc1 Nd3 29. N1e2 Nc5 30. Nc1 Nd3 $1 31. N1e2 {Precision: White = 36%, Black = 68%.} (31. Rxd3 $14 Bxd3 32. Bxg7 Bxc4 33. bxc4 Rxc4 34. axb6 axb6 35. Bh6 Rxc3 36. Ne2 (36. Bxf4 Rec8 $11)) 1/2-1/2

[Event "IOM Open-Masters 2017"]
[Site "Douglas"]
[Date "2017.09.23"]
[Round "1"]
[White "Kolbus, Dietmar"]
[Black "Praggnanandhaa, R."]
[Result "0-1"]
[WhiteElo "2320"]
[BlackElo "2500"]
[Annotator "TA"]
[PlyCount "132"]
[EventDate "2017.??.??"]
[EventType "swiss"]
[EventCountry "GBR"]
[SourceTitle "playchess.com"]
[Source "ChessBase"]
[SourceQuality "1"]

{[%evp 17,132,13,12,-12,-7,-15,0,-12,-20,-16,-13,-51,-41,-64,-72,-73,-75,-85,-75,-78,-85,-168,-147,-146,-143,-159,-127,-126,-121,-122,-133,-122,-128,-160,-157,-169,-162,-181,-168,-158,-169,-188,-158,-199,-159,-167,-168,-225,-208,-211,-218,-279,-262,-326,-239,-257,-243,-239,-182,-184,0,-243,-93,-198,-220,-214,-216,-318,-312,-299,-297,-380,-345,-342,-343,-352,-341,-340,-334,-401,-401,-397,-397,-381,-378,-383,-372,-374,-394,-602,-602,-594,-587,-604,-400,-560,-457,-752,-658,-1737,-1337,-29977,-29978,-29979,-29981,-29980,-29981,-29981,-29982,-29984,-29983,-29983,-29984,-29984,-29985,-29985,-29986]} 1. Nf3 Nf6 2. c4 e6 3. d4 d5 4. Nc3 dxc4 5. e3 a6 6. a4 b6 {D24: Queen's Gambit Accepted: 3 Nf3 Nf6 4 Nc3} (6... c5 7. Bxc4 Nc6 8. O-O Be7 9. Qe2 cxd4 10. Rd1 e5 11. exd4 exd4 12. Nxd4 Nxd4 13. Qe5 Qd6 14. Qxd4 Qxd4 15. Rxd4 Bc5 16. Rd1 O-O 17. h3 Be6 18. Bxe6 fxe6 19. Kf1 Nd5 20. f3 Nxc3 21. bxc3 Rac8 22. Rb1 b6 23. Re1 Rc6 {½-½ (31) Eljanov,P (2741)-Caruana,F (2813) Douglas 2016}) 7. Bxc4 Bb7 8. O-O Bb4 9. Qe2 O-O {LiveBook: 60 Games} 10. Na2 Bd6 11. Rd1 Qe7 12. b3 $146 ({Predecessor:} 12. Nc3 Bb4 {½-½ (14) Obolenskikh,D (2500)-Khairullin,I (2642) St Petersburg 2011}) 12... c5 13. Bb2 cxd4 14. exd4 Nc6 15. Bc3 Rfe8 16. Ne5 Nd5 17. Qd2 Nxc3 18. Nxc6 Bxh2+ 19. Kf1 (19. Kxh2 $17 {was necessary.} Qh4+ 20. Kg1 Nxd1 21. Ne5) 19... Bxc6 $19 20. Nxc3 Qh4 {[#] White must now prevent ...b5!} 21. Qe3 Bf4 22. Qh3 Qxh3 23. gxh3 Bd7 24. Kg2 Rec8 $36 {[%mdl 2048] Keeping White busy.} 25. Kf3 Bd6 26. Ke3 Be7 27. f4 Be8 28. Ra2 Bb4 29. Ne4 Kf8 30. d5 exd5 31. Bxd5 Ra7 32. Rd4 (32. f5 {was called for.}) 32... a5 {Threatens to win with ...Re7.} 33. f5 Rc1 34. Kf3 Rd7 35. Re2 {Now Ng5 and White clings on.} Rf1+ 36. Rf2 Rxf2+ 37. Kxf2 Re7 38. Kg3 Rd7 $2 {[#]} (38... b5 $19 39. axb5 Bxb5) 39. Kf4 $2 (39. Kf2 $1 $11 {and White stays safe.}) 39... Ke7 (39... f6 $19 {and Black stays clearly on top.} 40. Ke3 Rc7) 40. Rd3 (40. f6+ $17 Kf8 41. Rd1) 40... f6 41. Nf2 Bc5 42. Nd1 (42. Ne4 $142) 42... g6 43. Nb2 gxf5 44. Rd2 Bg6 45. Nc4 Bd6+ 46. Nxd6 Rxd6 {[%mdl 4096] Endgame KRB-KRB} 47. Re2+ Kf8 48. Bc4 Rd4+ 49. Kg3 f4+ 50. Kf2 Bf7 51. Rc2 Bxc4 52. bxc4 {KR-KR} Ke7 53. c5 (53. Rb2 $142) 53... bxc5 54. Rxc5 Rxa4 55. Rh5 Kf7 56. Rxh7+ Kg6 57. Ra7 (57. Rc7 $142) 57... Ra3 58. Ra8 a4 59. Ra5 Ra1 {Black mates.} 60. h4 a3 61. h5+ Kh6 62. Ra6 a2 63. Rxf6+ Kxh5 64. Rxf4 Rb1 65. Ra4 a1=Q 66. Rxa1 Rxa1 {Precision: White = 36%, Black = 79%.} 0-1

[Event "IOM Open-Masters 2017"]
[Site "Douglas"]
[Date "2017.09.23"]
[Round "1"]
[White "Mannion, Stephen R"]
[Black "Roberson, Peter T"]
[Result "0-1"]
[WhiteElo "2320"]
[BlackElo "2403"]
[Annotator "ChessBase"]
[PlyCount "126"]
[EventDate "2017.??.??"]
[EventType "swiss"]
[EventCountry "GBR"]
[SourceTitle "playchess.com"]
[Source "ChessBase"]
[SourceQuality "1"]
[TimeControl "40/6000+30:20/3000+30:900+30"]

1. e4 e6 2. d4 d5 3. Nd2 c5 4. exd5 Qxd5 5. dxc5 Nf6 6. Ngf3 Qxc5 7. Bd3 Nbd7 8. O-O Qc7 9. a4 Nc5 10. Bb5+ Bd7 11. Nc4 a6 12. Bxd7+ Ncxd7 13. Qd4 Bc5 14. Bf4 Qc6 15. Qd3 O-O 16. Nfe5 Nxe5 17. Nxe5 Qd5 18. Qxd5 Nxd5 19. Bg3 Rfd8 20. Rfd1 Rac8 21. c3 f6 22. Nd3 Ba7 23. Nf4 Nxf4 24. Bxf4 e5 25. Be3 Bxe3 26. fxe3 Kf7 27. Kf2 Rxd1 28. Rxd1 Ke6 29. Ke2 h5 30. Ra1 Rc4 31. Ra3 Kd6 32. h3 e4 33. a5 Kc7 34. Kd2 h4 35. Ra2 Rc5 36. Ke2 Rg5 37. Kf2 Rf5+ 38. Ke2 Rg5 39. Kf2 Rd5 40. Ke2 f5 41. Ra4 Kc6 42. Rc4+ Rc5 43. Ra4 g5 44. Kf2 Kd5 45. Rb4 Rb5 46. Rd4+ Ke5 47. b4 Rd5 48. Rc4 f4 49. Rc7 Rd2+ 50. Kf1 Ra2 51. Rc5+ Kf6 52. Rc4 Ra1+ 53. Kf2 Ra2+ 54. Kf1 f3 55. Rxe4 Rxg2 56. c4 Rh2 57. c5 Rxh3 58. c6 bxc6 59. Rc4 Kf5 60. Rxc6 Rh1+ 61. Kf2 Rh2+ 62. Kf1 Rb2 63. Rxa6 h3 0-1

[Event "IOM Open-Masters 2017"]
[Site "Douglas"]
[Date "2017.09.23"]
[Round "1"]
[White "Ojas, Kulkarni"]
[Black "Allen, Keith"]
[Result "1-0"]
[WhiteElo "2289"]
[BlackElo "2231"]
[Annotator "NA"]
[PlyCount "59"]
[EventDate "2017.??.??"]
[EventType "swiss"]
[EventCountry "GBR"]
[TimeControl "40/6000+30:20/3000+30:900+30"]

1. c4 e6 2. g3 d5 3. Nf3 dxc4 4. Bg2 Nf6 5. Qa4+ Nbd7 6. Qxc4 a6 7. Qc2 Be7 8. O-O O-O 9. d4 Re8 10. Rd1 Ra7 11. Nc3 Nb8 12. e4 Bd7 13. d5 Qc8 14. Be3 Ra8 15. h3 exd5 16. e5 Bf5 17. Qb3 Nfd7 18. Nxd5 Nc6 19. Nd4 Nxd4 20. Bxd4 c6 21. Nxe7+ Rxe7 22. g4 Be6 23. Qa3 Qe8 24. f4 g6 25. Qg3 Rc8 26. f5 Bd5 27. Bxd5 cxd5 28. Rac1 Rxc1 29. Rxc1 Nxe5 30. f6 1-0

[Event "IOM Open-Masters 2017"]
[Site "Douglas"]
[Date "2017.09.23"]
[Round "1"]
[White "L'Ami, Alina"]
[Black "Sokolov, Ivan"]
[Result "1-0"]
[WhiteElo "2286"]
[BlackElo "2603"]
[Annotator "TA"]
[PlyCount "99"]
[EventDate "2017.??.??"]
[EventType "swiss"]
[EventCountry "GBR"]
[SourceTitle "playchess.com"]
[Source "ChessBase"]
[SourceQuality "1"]

{[%evp 9,99,12,25,25,41,35,25,21,42,33,41,9,12,8,37,20,11,11,18,10,17,14,14,22,104,109,73,68,255,237,241,246,245,255,277,270,773,736,1118,1104,1104,1102,1128,1100,964,319,1221,1214,1194,1139,1831,1662,1666,1445,1584,820,29988,809,787,782,723,643,637,623,633,622,606,597,539,480,598,425,392,399,619,619,596,578,582,583,566,559,517,326,326,321,318,312,344,332,320,289]} 1. d4 Nf6 2. c4 e6 3. Nc3 Bb4 4. Qc2 d6 5. Bd2 Qe7 (5... Nc6 6. Nf3 O-O 7. a3 Bxc3 8. Bxc3 Qe7 9. e3 a5 10. Be2 e5 11. dxe5 dxe5 12. h3 Rd8 13. O-O e4 14. Nd4 Nxd4 15. Bxd4 c5 16. Bc3 a4 17. f4 Bd7 {1-0 (41) Wojtaszek,R (2736)-Nisipeanu,L (2683) Dortmund 2017}) 6. e3 $146 {E32: Nimzoindisch (4.Dc2)} ({Vorgänger:} 6. a3 Bxc3 7. Bxc3 e5 8. e3 exd4 9. Bxd4 Nc6 10. Nf3 Nxd4 11. Nxd4 O-O 12. Be2 c5 {½-½ (34) Stremavicius,T (2359)-Yemelin,V (2573) Riga 2014}) 6... Nbd7 7. a3 Bxc3 $1 8. Bxc3 {Weiß hat minimalen Vorteil.} e5 9. O-O-O a6 10. dxe5 dxe5 11. Nf3 O-O 12. g4 Nxg4 13. Rg1 $1 {[%cal Rg1g4]} Ngf6 14. Qf5 $36 {[%mdl 2048] Weiss kämpft um Vorteil.} Re8 15. Bd3 g6 {Und ...e4 würde nun gewinnen.} 16. Bc2 e4 {[#]} (16... Nc5 $11 17. Qxe5 Qxe5 18. Bxe5 (18. Nxe5 Nce4 $11) 18... Bg4) 17. Nd2 $1 $16 Ne5 18. Qf4 Neg4 $2 {[#]} (18... Bg4 $14) 19. Nxe4 $1 $18 {[%mdl 512]} Nh5 (19... Nxe4 20. Bxe4) 20. Qf3 f5 21. Ng3 Ng7 22. e4 f4 $2 (22... fxe4 23. Nxe4 Rf8) 23. Nf5 gxf5 24. exf5 Nf6 25. Rde1 Qf7 {[#]} 26. Rxg7+ $1 {[%mdl 512]} Kxg7 (26... Qxg7 27. Rxe8+) 27. Qg4+ $2 (27. Qg2+ Kh6 28. Rxe8 Bxf5 29. Rxa8 Bxc2 30. Kxc2 Qxc4 31. Qxb7 Qe2+ 32. Kb1 Qd3+ 33. Ka2) 27... Kf8 $2 (27... Qg6 28. Qxg6+ hxg6 29. Rxe8 Kf7) 28. Bb4+ Re7 29. Qxf4 Ng8 30. f6 Ke8 31. Bxe7 Be6 32. Qe5 Kd7 33. Rd1+ (33. Bf5 $142 Bxf5 34. Qxf5+ Ke8 35. Bc5+ Kd8 36. Rd1+ Ke8 37. Re1+ Kd8 38. Rg1) 33... Ke8 34. Qxc7 {jetzt Td8+ und aus.} Nxe7 35. fxe7 Qxe7 36. Ba4+ Kf8 37. Qf4+ Qf7 38. Qh6+ Ke7 39. Qh4+ Kf8 40. Rd4 {Schwarz muss nun Tf4 beachten.} Rc8 41. Bc2 Rxc4 (41... Qe7 $142 42. Qf4+ (42. Bxh7 Bxc4 43. Qh6+ Qg7 $18) 42... Kg8) 42. Rd8+ Kg7 43. Qxh7+ Kf6 {( -> ...Dxh7)} 44. Qh6+ Ke5 {Mit der Idee ...Txc2+.} 45. Qe3+ Kf6 46. Rd4 Rxd4 {Weiß hat entscheidenden Vorteil.} 47. Qxd4+ Ke7 48. f4 Qh5 49. Qb4+ Ke8 50. Qe4 {Precision: Weiß = 70%, Schwarz = 41%.} 1-0

[Event "IOM Open-Masters 2017"]
[Site "Douglas"]
[Date "2017.09.23"]
[Round "1"]
[White "Loew, Gerald"]
[Black "Heimisson, Hilmir Freyr"]
[Result "1/2-1/2"]
[WhiteElo "2262"]
[BlackElo "2185"]
[Annotator "NA"]
[PlyCount "78"]
[EventDate "2017.??.??"]
[EventType "swiss"]
[EventCountry "GBR"]
[SourceTitle "playchess.com"]
[Source "ChessBase"]
[SourceQuality "1"]
[TimeControl "40/6000+30:20/3000+30:900+30"]

1. c4 c6 2. e4 d6 3. d4 f5 4. Nc3 Nf6 5. Bd3 fxe4 6. Nxe4 Nxe4 7. Bxe4 g6 8. Nf3 Bg7 9. Ng5 d5 10. Bc2 Qd6 11. Qf3 Rf8 12. c5 Qc7 13. Qe3 Rf6 14. O-O h6 15. Nf3 Nd7 16. Re1 Nf8 17. Ne5 Bf5 18. Bxf5 Rxf5 19. g4 Rf6 20. Qh3 g5 21. Qh5+ Kd8 22. h4 Qa5 23. Be3 Ne6 24. hxg5 Nxg5 25. Bxg5 hxg5 26. Qxg5 Bf8 27. Qe3 Qc7 28. g5 Rf5 29. g6 Ke8 30. Nf7 Rf6 31. Qg5 Qf4 32. Qxf4 Rxf4 33. Re6 Bg7 34. Rae1 Bf6 35. R1e3 Rg4+ 36. Rg3 Rxg6 37. Rxg6 Kxf7 38. Rgxf6+ exf6 39. Re3 Rg8+ 1/2-1/2

[Event "IOM Open-Masters 2017"]
[Site "Douglas"]
[Date "2017.09.23"]
[Round "1"]
[White "Vignesh, B."]
[Black "Gaponenko, Inna"]
[Result "0-1"]
[WhiteElo "2260"]
[BlackElo "2437"]
[Annotator "TA"]
[PlyCount "64"]
[EventDate "2017.??.??"]
[EventType "swiss"]
[EventCountry "GBR"]
[SourceTitle "playchess.com"]
[Source "ChessBase"]
[SourceQuality "1"]

{[%evp 27,64,72,38,-7,-33,-112,-113,-93,-35,-62,-37,-104,-95,-152,-145,-147,-142,-150,-152,-140,-144,-131,-131,-197,-195,-29975,-29976,-29976,-29977,-29976,-29978,-29978,-29978,-29975,-29978,-29978,-994,-29978,-11656]} 1. e4 c5 2. Nf3 Nc6 3. d4 cxd4 4. Nxd4 Nf6 5. Nc3 d6 6. Be2 g6 7. Be3 Bg7 8. Nb3 O-O 9. g4 Be6 10. f4 d5 11. f5 Bc8 12. exd5 Nb4 13. Bf3 gxf5 14. a3 fxg4 {LiveBook: 19 Games. B72: Sicilian Dragon: 6 Be3, lines with h3+Bc4 and sidelines} 15. axb4 {And now Bg2 would win.} (15. Bg2 $5 {[%cal Ra3b4]} Na6 16. O-O $11) (15. Bg2 Na6 16. Qd3 Qd6 17. O-O-O Nh5 18. h3 Nf4 19. Qe4 Nxg2 20. hxg4 Qg6 21. Qxg2 Bxg4 22. Rdg1 {½-½ (33) Yakovich,Y (2615)-Sadler,M (2665) Koge 1997}) 15... gxf3 16. h3 $146 (16. Qxf3 $15 Bg4 17. Qg2) ({Predecessor:} 16. Qxf3 Bg4 17. Qg2 Kh8 18. Bd4 Rg8 19. h3 Bh5 20. Qg5 Bg6 21. O-O-O Ne4 22. Qe3 Nxc3 23. Bxg7+ Rxg7 24. bxc3 {1-0 (50) Iermito,S (2385)-Delai,P (2081) Villa Martelli 2008}) 16... Bf5 $17 {Black is better.} 17. Nd4 {[#]} Bg6 (17... f2+ $1 $17 {[%mdl 512]} 18. Bxf2 (18. Kxf2 Bg6) 18... Bg6) 18. Qxf3 $15 Qd7 19. Rg1 ({White should play} 19. O-O $15) 19... Rfc8 20. O-O-O (20. h4 $142) 20... a5 $17 21. bxa5 Rxa5 {[%cal Rf6d5]} 22. Nb3 {[#]} Rxc3 $1 {[%mdl 512]} 23. bxc3 {[#]} Ra2 $1 $36 {[%cal Ra2c2,Ba5a2,Ba2b2,Bb2b3][%mdl 2080] Black is on the roll.} 24. Rxg6 hxg6 25. Bd4 (25. Kb1 $17 {is a better defense.} Ra8 26. Kb2) 25... Qa4 $19 26. Kb1 $2 (26. Rg1 $19) 26... Qa3 {[%csl Ga2][%cal Ra3b2]} 27. c4 {[#]} Ne4 $1 {[%mdl 512]} 28. Qxe4 {[#]} Rb2+ $1 {[%mdl 512]} 29. Kc1 (29. Bxb2 Qxb2#) 29... Bh6+ 30. Rd2 Rxb3+ $1 31. Kd1 Rb1+ 32. Ke2 Qc1 {Precision: White = 46%, Black = 78%.} 0-1